Algae: Anatomy, biochemistry and biotechnology (Record no. 174522)

MARC details
000 -LEADER
fixed length control field 00371nam a2200145Ia 4500
008 - FIXED-LENGTH DATA ELEMENTS--GENERAL INFORMATION
fixed length control field 230917s9999||||xx |||||||||||||| ||und||
040 ## - CATALOGING SOURCE
-- 204215
Original cataloging agency VIVEKANANDA LIBRARY
041 ## - Language
-- English
082 ## - DDC NUMBER
Classification number 589.3 B28A
100 ## - MAIN ENTRY--PERSONAL NAME
Personal name Barsanti, Laura
245 #0 - TITLE STATEMENT
Title Algae: Anatomy, biochemistry and biotechnology
260 ## - PUBLICATION, DISTRIBUTION, ETC. (IMPRINT)
Place of publication, distribution, etc Boca Raton
Name of publisher, distributor, etc CRC Press
Date of publication, distribution, etc 2013
300 ## - PHYSICAL DESCRIPTION
Pages 301 p.
942 ## - ADDED ENTRY ELEMENTS (KOHA)
Koha item type Books
Holdings
Withdrawn status Lost status Damaged status Not for loan Location (home branch) Sublocation or collection (holding branch) Date acquired Koha issues (times borrowed) Koha full call number Accession No. Koha date last seen Koha item type
        VIVEKANANDA LIBRARY VIVEKANANDA LIBRARY 12/12/2012 1 589.3 B28A 327707 18/01/2024 Books
        VIVEKANANDA LIBRARY VIVEKANANDA LIBRARY 12/12/2012   589.3 B28A 333904 17/09/2023 Books
        VIVEKANANDA LIBRARY VIVEKANANDA LIBRARY 12/12/2012   589.3 B28A 334776 17/09/2023 Books
© Designed and Maintained by Vivekananda Library, MDU Rohtak